Determinación de la degradación del valerato de betametasona contenida en una crema base siguiendo el protocolo de estudios de estabilidad acelerado del Ministerio de Salud de Costa Rica.
Gardado en:
| Autor Principal: | |
|---|---|
| Formato: | Libro |
| Publicado: |
San José, Costa Rica
2007
|
| Materias: | |
| Etiquetas: |
Engadir etiqueta
Sen Etiquetas, Sexa o primeiro en etiquetar este rexistro!
|
MARC
| LEADER | 00000nam a2200000Ia 4500 | ||
|---|---|---|---|
| 003 | 010319 | ||
| 005 | 20221231144102.0 | ||
| 008 | 140114s2007 cr a 000 ||s d | ||
| 040 | |c cru CEDI | ||
| 090 | |a TFG 5584 | ||
| 100 | |a Solano Carmona, Erick |9 4505 | ||
| 245 | |a Determinación de la degradación del valerato de betametasona contenida en una crema base siguiendo el protocolo de estudios de estabilidad acelerado del Ministerio de Salud de Costa Rica. | ||
| 260 | |c 2007 |b San José, Costa Rica | ||
| 300 | |a xii, 78 hojas; ilustraciones | ||
| 500 | |a Proyecto de graduación (licenciatura en ingeniería química)--Universidad de Costa Rica. Facultad de Ingeniería. Escuela de Ingeniería Química | ||
| 650 | |x VALERATO DE BETAMETASONA |x MEDICAMENTOS |x ANALISIS QUIMICO |x INVESTIGACIONES |9 4506 | ||
| 942 | |c TFG | ||
| 999 | |c 16677 |d 16677 | ||
